Score 0/8 Timer 02:00
9 Plays Today
% Correct
Russia
85.3%
Turkey
81.2%
Israel
77.4%
Jordan
75.4%
Bhutan
71.1%
Taiwan
62.2%
Kuwait
61.2%
Brunei
59.3%
Remove Ads.
Support Sporcle.
Get the best of Sporcle when you Go Orange. This ad-free experience offers more features, more stats, and more fun while also helping to support Sporcle. Thank you for becoming a member.

You're not logged in!

Compare scores with friends on all Sporcle quizzes.
OR
Log In

Show Comments

Extras

Top Quizzes Today


Score Distribution

Your Account Isn't Verified!

In order to create a playlist on Sporcle, you need to verify the email address you used during registration. Go to your Sporcle Settings to finish the process.

Report this User

Report this user for behavior that violates our Community Guidelines.

Details: